PARIS, TEXAS (Record n. 105064)
[ formato base ]
| 000 -LEADER | |
|---|---|
| fixed length control field | 01495agaaa2200337 4500 |
| 001 - CONTROL NUMBER | |
| control field | 0749 |
| 003 - CONTROL NUMBER IDENTIFIER | |
| control field | IT-RoPAU |
| 005 - DATE AND TIME OF LATEST TRANSACTION | |
| control field | 20220918181228.0 |
| 007 - PHYSICAL DESCRIPTION FIXED FIELD--GENERAL INFORMATION | |
| fixed length control field | d cvaizq |
| 008 - FIXED-LENGTH DATA ELEMENTS--GENERAL INFORMATION | |
| fixed length control field | 50131s9999||||xx ||| | || ||und|| |
| 040 ## - CATALOGING SOURCE | |
| Original cataloging agency | IT-RoPAU |
| Transcribing agency | IT-RoPAU |
| 041 ## - LANGUAGE CODE | |
| Language code of text/sound track or separate title | ITALIANO |
| 100 ## - MAIN ENTRY--PERSONAL NAME | |
| Personal name | Wenders Wim |
| Miscellaneous information | Codice regista SPICS: 499 |
| 9 (RLIN) | 39256 |
| 130 ## - MAIN ENTRY--UNIFORM TITLE | |
| Uniform title | PARIS, TEXAS |
| 9 (RLIN) | 39257 |
| 240 ## - UNIFORM TITLE | |
| Uniform title | PARIS, TEXAS |
| Miscellaneous information | T2197 |
| 245 ## - TITLE STATEMENT | |
| Title | PARIS, TEXAS |
| Statement of responsibility, etc. | Sceneggiatura: Shepard Sam -- Diretto da: Wenders Wim |
| Name of part/section of a work | PARIS, TEXAS (Rif. Codice opera principale : V0749) |
| 246 ## - VARYING FORM OF TITLE | |
| Title proper/short title | PARIS, TEXAS |
| 250 ## - EDITION STATEMENT | |
| Edition statement | Edizione Standard |
| 260 ## - PUBLICATION, DISTRIBUTION, ETC. (IMPRINT) | |
| Place of publication, distribution, etc. | BERLINO - FRANCIA (GERMANIA) |
| Name of publisher, distributor, etc. | ROAD MOVIES - ARGOS FILM / Distribuzione: SPF FIRENZE |
| Date of manufacture | "1984 (1° ed.: 1993 ; Ed. Lingua Orig.: 1984)" |
| 300 ## - PHYSICAL DESCRIPTION | |
| Extent | 16MM |
| Other physical details | sonoro, col. |
| Dimensions | 160 minuti |
| 508 ## - CREATION/PRODUCTION CREDITS NOTE | |
| Creation/production credits note | "Fotografia: Muller Robby; Montaggio: Przygodda Peter; Musica: Cooder Ry; Sceneggiatura: Shepard Sam; " |
| 511 ## - PARTICIPANT OR PERFORMER NOTE | |
| Participant or performer note | "Kinski Nastassja; Dean; Stanton Harry; Stockwell Dean; Clement Aurore; Carson Hunter" |
| 520 ## - SUMMARY, ETC. | |
| Summary, etc. | FILM A COLORI. PELLICOLA IN BUONO STATO. PER LA TRAMA VEDERE VIDEOCASSETTA: 9960/48308. |
| 538 ## - SYSTEM DETAILS NOTE | |
| System details note | MONO |
| 546 ## - LANGUAGE NOTE | |
| Language note | ITALIANO |
| 650 ## - SUBJECT ADDED ENTRY--TOPICAL TERM | |
| Topical term or geographic name as entry element | DRAMMATICO |
| Relator term | PELLICOLE CINEMA [16 MM] |
| General subdivision | Codice MATERIA SPICS: 9955 |
| 9 (RLIN) | 39258 |
| 700 ## - ADDED ENTRY--PERSONAL NAME | |
| Personal name | Cooder Ry |
| Relator term | (musica) |
| Miscellaneous information | Codice Musica SPICS: 11321 |
| 9 (RLIN) | 39259 |
| 700 ## - ADDED ENTRY--PERSONAL NAME | |
| Personal name | Shepard Sam |
| Relator term | (soggetto) |
| Miscellaneous information | Codice Soggetto SPICS: 22867 |
| 9 (RLIN) | 39260 |
| 700 ## - ADDED ENTRY--PERSONAL NAME | |
| Personal name | Wenders Wim |
| Relator term | (regista) |
| Miscellaneous information | Codice regista SPICS: 499 |
| 9 (RLIN) | 39261 |
| 942 ## - ADDED ENTRY ELEMENTS (KOHA) | |
| Koha item type | 16 MM |
| Source of classification or shelving scheme | Dewey Decimal Classification |
| Withdrawn status | Lost status | Damaged status | Not for loan | Home library | Current library | Date acquired | Total Checkouts | Full call number | Date last seen | Price effective from | Koha item type | Public note |
|---|---|---|---|---|---|---|---|---|---|---|---|---|
| Buone Condizioni | Not For Loan | SPICS-MEDIATECA | SPICS-MEDIATECA | 31/01/2015 | V0749 | 31/01/2015 | 31/01/2015 | 16 MM | Progr. Ins.: 972 / N.Vol.:3 / Copie: 1 / Pag.:0 / Copia rara: n.d. / date import: 1.2.2015 / By Epidotti, Trombetti, Vaglietti - CUSTODITA PRESSO FILMOTECA VATICANA |